Carregant...

AAYIRATHI THOLLAAYIRATHI ENPATHI NAALU

Dades bibliogràfiques
Autor principal: GEORGE,ORWELL CHANDRASEKHRAN,K.(Tr)
Format: Printed Book
Publicat: Kottayam D.C.BOOKS 1984
Matèries:
LEADER 00522nam a2200169 4500
020
082 |a 894.812 3 GEO 
100 |a GEORGE,ORWELL CHANDRASEKHRAN,K.(Tr) 
245 |a AAYIRATHI THOLLAAYIRATHI ENPATHI NAALU  |h MALAYALAM 
250
260 |a Kottayam  |b D.C.BOOKS  |c 1984 
300 |a 360 p  |f PB 
650 |a AAYIRATHI THOLLAAYIRATHI ENPATHI NAALU 
700
942 |c TB 
999 |c 155321  |d 155321 
952 |0 0  |1 0  |4 0  |6 894_812000000000000_3_GEO  |7 0  |9 168778  |a ORI  |b ORI  |l 0  |o 894.812 3 GEO  |p ORI3821  |r 2019-10-25  |w 2019-10-25  |y TB